Logos Close Up #2 - Statistics

General Stats
  • This quiz has been taken 1,735 times
  • The average score is 9 of 15
Answer Stats
Picture Answer % Correct
PEPSI
97%
COCA COLA
94%
WALT DISNEY
94%
NETFLIX
93%
NIKE
90%
EBAY
78%
OLYMPIC RINGS
78%
NATIONAL GEOGRAPHIC
76%
IHOP
52%
TARGET
45%
KODAK
43%
HONDA
42%
HEWLETT PACKARD
27%
MARRIOTT
11%
3M
6%
No matching quizzes found
Score Distribution
Percent of People with Each Score
Percentile by Number Answered
Your Score History
You have not taken this quiz